Chapters in Each Book of the Bible - Statistics

General Stats
  • This quiz has been taken 119 times
  • The average score is 38 of 66
Answer Stats
Book Number % Correct
Genesis 50
86%
Psalms 150
79%
Ruth 4
75%
Isaiah 66
75%
Exodus 40
71%
Esther 10
68%
Ecclesiastes 12
68%
Leviticus 27
68%
Proverbs 31
68%
Job 42
68%
Numbers 36
64%
Lamentations 5
64%
Galatians 6
64%
Obadiah 1
61%
Mark 16
61%
Romans 16
61%
Judges 21
61%
Revalation 22
61%
Matthew 28
61%
Joel 3
61%
Deuteronomy 34
61%
Jonah 4
61%
Colossians 4
61%
Ephesians 6
61%
Song of Songs 8
61%
Amos 9
61%
Daniel 12
57%
Nehemiah 13
57%
1 Corinthians 16
57%
John 21
57%
Joshua 24
57%
Philippians 4
57%
Ezekiel 48
57%
Jeremiah 52
57%
Micah 7
57%
2 John 1
54%
3 John 1
54%
Jude 1
54%
Ezra 10
54%
2 Corinthians 13
54%
Hosea 14
54%
Zechariah 14
54%
1 Kings 22
54%
2 Samuel 24
54%
Luke 24
54%
Acts 28
54%
Nahum 3
54%
Habakukk 3
54%
Zephaniah 3
54%
1 Samuel 31
54%
Malachi 4
54%
1 Thessalonians 5
54%
James 5
54%
Philemon 1
50%
Hebrews 13
50%
Haggai 2
50%
2 Kings 25
50%
1 Chronicles 29
50%
2 Thessalonians 3
50%
Titus 3
50%
2 Peter 3
50%
2 Chronicles 36
50%
2 Timothy 4
50%
1 Peter 5
50%
1 John 5
50%
1 Timothy 6
50%
No matching quizzes found
Score Distribution
Percent of People with Each Score
Percentile by Number Answered
Your Score History
You have not taken this quiz